| 000 | 00447nam a2200157Ia 4500 | ||
|---|---|---|---|
| 003 | GCL | ||
| 008 | 140319s9999 xx 000 0 ara d | ||
| 040 |
_aGCL / _cGCL |
||
| 082 | 0 | 4 |
_aد _b050 |
| 100 | 1 | _aابراهيم جمعة | |
| 245 | 1 | 0 |
_aقصة الكتابة العربية ( اقرا 53 ) / _cابراهيم جمعة |
| 300 | _a113 ص | ||
| 490 |
_aوثائق ونصوص _v0 |
||
| 650 | 0 | 4 | _aالكتابة العربية |
| 942 |
_2ddc _cCF |
||
| 999 |
_c27404 _d27404 |
||